[Event "CUB-ch GpA"]
[Site "Santa Clara"]
[Date "2005.04.15"]
[Round "8"]
[White "Delgado Ramirez, Neuris"]
[Black "Perez Rodriguez, Luis Manuel"]
[Result "1-0"]
[WhiteElo "2567"]
[BlackElo "2420"]
[PlyCount "109"]
[EventDate "2005.04.07"]
[EventType "tourn"]
[EventRounds "9"]
[EventCountry "CUB"]
[EventCategory "8"]
[SourceTitle "CBM 105 Extra"]
[Source "ChessBase"]
[SourceDate "2005.05.01"]
[SourceVersion "1"]
[SourceVersionDate "2005.05.01"]
[SourceQuality "1"]

1. e4 d6 2. d4 Nf6 3. Nc3 g6 4. Nf3 Bg7 5. Be3 a6 6. h3 O-O 7. a4 d5 8. e5 Ne4
9. Bd3 Nxc3 10. bxc3 c5 11. O-O Nc6 12. Qc1 c4 13. Be2 f6 14. exf6 exf6 15. Nh2
Re8 16. Bf3 Bf5 17. Ng4 Be4 18. Bd1 Bf5 19. Nh6+ Bxh6 20. Bxh6 Qd6 21. g4 Be6
22. Bf3 b5 23. axb5 axb5 24. Qd2 Ra4 25. Rab1 Ra5 26. Rfe1 Nd8 27. Bf4 Qd7 28.
Bg3 Nf7 29. Qf4 Kg7 30. Bg2 Ra2 31. Re2 Rea8 32. Kh2 Ra1 33. Qc1 Rxb1 34. Qxb1
Ra4 35. Qc1 Ng5 36. f3 Nf7 37. Qe1 Ra6 38. f4 f5 39. gxf5 gxf5 40. Bh4 Nh8 41.
Bg3 Kf7 42. h4 Ke7 43. h5 Nf7 44. Bh4+ Kd6 45. Bh3 Nh6 46. Bg5 Nf7 47. Bf6 Kc7
48. Qh4 Kc8 49. Be7 Nd6 50. Bxd6 Rxd6 51. Qg5 Qf7 52. h6 Kc7 53. Re1 Kb6 54.
Qg7 Qh5 55. Qe7 1-0

[Event "CUB-ch GpA"]
[Site "Santa Clara"]
[Date "2005.04.16"]
[Round "9"]
[White "Abreu Delgado, Aryam"]
[Black "Delgado Ramirez, Neuris"]
[Result "1/2-1/2"]
[WhiteElo "2440"]
[BlackElo "2567"]
[PlyCount "125"]
[EventDate "2005.04.07"]
[EventType "tourn"]
[EventRounds "9"]
[EventCountry "CUB"]
[EventCategory "8"]
[SourceTitle "CBM 105 Extra"]
[Source "ChessBase"]
[SourceDate "2005.05.01"]
[SourceVersion "1"]
[SourceVersionDate "2005.05.01"]
[SourceQuality "1"]

1. e4 c5 2. Nf3 d6 3. d4 cxd4 4. Nxd4 Nf6 5. Nc3 a6 6. f4 Qc7 7. Be2 Nc6 8. Be3
e5 9. Nb3 Be7 10. O-O exf4 11. Bxf4 Be6 12. Qe1 O-O 13. Rd1 Ne5 14. Nd4 Rac8
15. Kh1 Qb6 16. Bc1 Qd8 17. a4 Ne8 18. Qg3 Bf6 19. b3 Ng6 20. Nxe6 fxe6 21. Bc4
Qe7 22. Qh3 Nc7 23. a5 Be5 24. Ne2 Rce8 25. Be3 Nb5 26. Rxf8+ Nxf8 27. Rf1 Ng6
28. b4 Nc3 29. Nxc3 Bxc3 30. Bg5 Bf6 31. Bd2 Nf8 32. Bb3 Qc7 33. Qf3 Ng6 34.
Qh3 Qe7 35. Ba4 Rd8 36. Bb3 d5 37. exd5 exd5 38. Qd3 Qd7 39. Qf5 Qd6 40. Rd1
Kh8 41. c3 Be5 42. Be3 Ne7 43. Qh3 Qf6 44. Bc5 Bd6 45. Bd4 Be5 46. Bc5 Bd6 47.
Bd4 Be5 48. Qd3 Bxd4 49. Qxd4 Qxd4 50. Rxd4 Kg8 51. g4 Kf7 52. Kg2 Ke6 53. Re4+
Kd6 54. Re3 Rf8 55. h3 h6 56. Kg3 Rf1 57. c4 dxc4 58. Bxc4 Rc1 59. Bf7 Rb1 60.
Re6+ Kd7 61. Rb6 Kc7 62. Re6 Rb3+ 63. Kh2 1/2-1/2

[Event "Capablanca Memorial Elite 40th"]
[Site "Havana"]
[Date "2005.05.06"]
[Round "1"]
[White "Delgado Ramirez, Neuris"]
[Black "Nogueiras Santiago, Jesus"]
[Result "1-0"]
[WhiteElo "2567"]
[BlackElo "2533"]
[Annotator "Psakhis,L"]
[PlyCount "85"]
[EventDate "2005.05.06"]
[EventType "tourn"]
[EventRounds "14"]
[EventCountry "CUB"]
[EventCategory "15"]
[SourceTitle "CBM 107"]
[Source "ChessBase"]
[SourceDate "2005.08.01"]
[SourceVersion "1"]
[SourceVersionDate "2005.08.01"]
[SourceQuality "1"]

1. e4 e6 2. d3 d5 3. Nd2 Nf6 4. e5 Nfd7 5. d4 (5. f4 c5 6. c3 (6. Ngf3 Nc6 (
6... Be7 7. g3 g5 8. fxg5 Nc6 9. Qe2 Qc7 10. Bg2 Ndxe5 11. O-O Bd7 12. c3 O-O-O
13. d4 cxd4 14. cxd4 Qb6 15. Kh1 Nxf3 16. Nxf3 Kb8 17. Ne5 Nxe5 18. Qxe5+ Bd6
19. Qxd6+ Qxd6 20. Bf4 Be8 21. Rac1 Rg8 {1-0 Fernandez,A-Delgado,H/CUB-chJ B20
2000/Ajelibre (65)}) 7. c3 (7. g3 Be7 8. Bg2 O-O 9. O-O b5 10. Re1 Bb7 11. g4
Qc7 12. Nf1 Rae8 13. Ng3 f6 14. exf6 Bxf6 15. g5 Bd8 16. Bh3 e5 17. f5 e4 18.
dxe4 dxe4 19. f6 Nxf6 20. gxf6 exf3 21. Rxe8 Rxe8 {0-1 Franke,J-Mainka,G/NRW
1995/ChessBase (27)}) 7... f6 8. exf6 Nxf6 9. g3 Bd6 10. Bg2 O-O 11. O-O e5 12.
fxe5 Bxe5 13. Nxe5 Nxe5 14. Nf3 Bg4 15. Bf4 Ng6 16. Bg5 Qd6 17. Qd2 Nh5 18. Nh4
Ne5 19. Rae1 Rae8 {1-0 Aliyeva,R-Iskenderova,K/AZE-ch G20 Baku 2004/EXT 2005 
(32)}) 6... Nc6 7. Ndf3 f6 8. exf6 Nxf6 9. g3 Bd6 10. Bg2 O-O 11. Ne2 Qb6 12.
O-O Bd7 13. Kh1 e5 14. fxe5 Nxe5 15. Nxe5 Bxe5 16. Qb3 Qxb3 17. axb3 Bc6 18.
Bf4 Rfe8 19. Bf3 Bxf4 20. Nxf4 Re3 {0-1 Werner,D-Kosic,D/Novi Sad Third Sat A
2005/(58)}) 5... c5 6. c3 Nc6 7. Ngf3 Be7 (7... Qb6 8. Nb3 c4 9. Nbd2 f6 10.
exf6 Nxf6 11. Be2 Bd6 12. O-O O-O 13. Re1 Qc7 14. Nf1 Ne4 15. Be3 Qf7 16. Ng3
Nf6 17. Rf1 Bd7 18. b3 b5 19. Qc2 Be8 20. Rae1 Qc7 21. Ng5 Bg6 22. Qd1 Rae8 {
1/2-1/2 Goebel,M-Strehle,I/Regensburg op 1996/ChessBase (35)}) (7... f6 $5) (
7... cxd4 8. cxd4 f6 $5) 8. Bd3 Qb6 (8... f6 $5) 9. O-O (9. Qa4 O-O 10. O-O f6
$13) 9... cxd4 10. cxd4 Nxd4 11. Nxd4 Qxd4 12. Nf3 Qb6 {I can't believe, that
in this well known theoretical position ( with additional tempi for Black )
White can pretend for any advantage!} 13. Qc2 Nc5 (13... Qc5 $5 14. Qb1) 14.
Be3 Bd7 15. Rfc1 $146 (15. Rac1 Rc8 16. Qb1 Qd8 17. Bc2 b6 18. Nd4 f5 19. exf6
gxf6 20. b4 e5 21. bxc5 exd4 22. Bh6 Kf7 23. c6 Rxc6 24. Bb3 Rc5 25. Rfe1 f5
26. Qd3 Bg5 27. Rxc5 bxc5 28. Bxd5+ Kg6 29. Bxg5 Qxg5 {Zapolskis,A-Hohelj,S/St.
Mesto op 1992/ChessBase/1/2-1/2 (47)}) 15... Rc8 $8 16. Bxh7 Qb4 ({It will be
interesting to check move} 16... g6 $5 {with possible continuation:} 17. Bxg6
fxg6 18. Qxg6+ Kd8 19. Rab1 $5 a5 20. Qg7 Re8 21. Rc3 $44) 17. Qb1 {[%cal
Cg7g6,Ch8h7,Gh7c2]} (17. a3 Qg4 18. h3 Qh5 19. Bd3 O-O 20. Be2 $5 $14) 17... g6
18. Bxg6 Qg4 $6 ({Maybe Black had to choose} 18... fxg6 $142 $5 19. Qxg6+ Kd8
20. Ng5 Rf8 21. Nf7+ Rxf7 22. Qxf7 Qxb2 $15 {with good chances.}) 19. b4 (19.
Bd3 $5 Rg8 20. Ne1) 19... Na4 (19... Rg8 $2 20. h3 $1 Qxg6 21. Qxg6 fxg6 22.
Bxc5 $18) (19... Ne4 20. Rxc8+ Bxc8 21. Bxe4 dxe4 22. Nd2 $16) 20. Rxc8+ Bxc8
21. Bd3 Rg8 22. Ne1 Bd7 23. Bf1 ({Black is doing well after} 23. a3 d4 24. f3
Qh4 25. Bf2 Qf4 $13) 23... Nc3 24. Qc2 Bxb4 {Black hurries to restore material
balance.} 25. f3 Qh5 (25... Qh4 26. Bf2 Qh5 27. Bd4 {transposition}) 26. Bd4 $1
Rh8 (26... Qg5 27. Qb2 Ba5 (27... a5 28. Nd3 Nb5 29. Nxb4 axb4 30. Qxb4 Nxd4
31. Qxd4 $18) 28. Kh1 $16) 27. h3 Qh4 (27... Qg5 28. Kh1) 28. Bf2 Qg5 {[%cal
Gg5e5,Gh8h3]} 29. Nd3 (29. Qb3 $5) 29... Ba5 $8 30. Kh1 (30. Rc1 Rxh3 31. Qb2
Na4 (31... Ne4 32. fxe4 dxe4 33. Nc5 $1) 32. Qxb7 Bb6 33. Bxb6 Nxb6 34. Qxa7
Qe3+ 35. Nf2 Qxc1 36. gxh3 $14) 30... b6 31. Be1 (31. a3 {[%cal Gd3b4]}) 31...
d4 $8 32. Qb3 ({Another promising possibility was} 32. Bf2 $5 {[%csl Rd4]})
32... Qd8 (32... Rg8 $5 {[%cal Gc3e2]}) 33. Bf2 (33. Nb2 {[%cal Gb2c4]}) 33...
Bb5 34. Rc1 {[%cal Rc1c3]} Rh5 $4 {[%mdl 8192] A serious error that ruins the
game!} ({After natural} 34... Ba6 $13 {black can look th the future with hope.}
) 35. Rxc3 $1 dxc3 36. Qxb5+ Kf8 37. Qc4 $18 {[%csl Rc3,Rf8][%cal Ga2a3,Gd3b4]}
Qd5 38. Qc8+ Kg7 39. Nf4 {[%cal Ch5h8,Ch8c8,Rf4h5,Rf4d5]} Rh8 (39... Qxe5 40.
Nxh5+ Qxh5 41. Bd4+) 40. Qxh8+ Kxh8 41. Nxd5 exd5 42. Bd3 {[%csl Ge5,Gf3,Gg2,
Gh3]} Bb4 43. Bd4 1-0

[Event "Capablanca Memorial Elite 40th"]
[Site "Havana"]
[Date "2005.05.07"]
[Round "2"]
[White "Arencibia Rodriguez, Walter"]
[Black "Delgado Ramirez, Neuris"]
[Result "1/2-1/2"]
[WhiteElo "2530"]
[BlackElo "2567"]
[PlyCount "82"]
[EventDate "2005.05.06"]
[EventType "tourn"]
[EventRounds "14"]
[EventCountry "CUB"]
[EventCategory "15"]
[SourceTitle "CBM 107"]
[Source "ChessBase"]
[SourceDate "2005.08.01"]
[SourceVersion "1"]
[SourceVersionDate "2005.08.01"]
[SourceQuality "1"]

1. d4 Nf6 2. c4 e6 3. Nf3 b6 4. Bf4 Bb7 5. e3 Be7 6. h3 O-O 7. Nc3 Ne4 8. Nxe4
Bxe4 9. Nd2 Bb7 10. Bd3 d6 11. O-O Nd7 12. Qc2 h6 13. Rad1 Qe8 14. Bg3 f5 15.
f3 Qg6 16. Kh2 Bg5 17. Bf2 c5 18. Nb1 cxd4 19. exd4 Bf4+ 20. Kh1 Nf6 21. Nc3
Nh5 22. Ne2 Rae8 23. c5 dxc5 24. dxc5 bxc5 25. Bc4 Bb8 26. Bxc5 Ng3+ 27. Nxg3
Qxg3 28. Bg1 Kh8 29. Qd3 Bd5 30. Bxd5 exd5 31. Qxd5 Bf4 32. Qc5 Rf7 33. Qf2
Qxf2 34. Rxf2 Rfe7 35. g4 Re1 36. Rxe1 Rxe1 37. gxf5 Be3 38. Rg2 Kh7 39. h4 Rf1
40. Kh2 Bxg1+ 41. Rxg1 Rxf3 1/2-1/2

[Event "Capablanca Memorial Elite 40th"]
[Site "Havana"]
[Date "2005.05.08"]
[Round "3"]
[White "Delgado Ramirez, Neuris"]
[Black "Ivanchuk, Vassily"]
[Result "1/2-1/2"]
[WhiteElo "2567"]
[BlackElo "2739"]
[PlyCount "57"]
[EventDate "2005.05.06"]
[EventType "tourn"]
[EventRounds "14"]
[EventCountry "CUB"]
[EventCategory "15"]
[SourceTitle "CBM 107"]
[Source "ChessBase"]
[SourceDate "2005.08.01"]
[SourceVersion "1"]
[SourceVersionDate "2005.08.01"]
[SourceQuality "1"]

1. e4 e6 2. d4 d5 3. Nd2 c5 4. Ngf3 Nf6 5. exd5 exd5 6. Bb5+ Bd7 7. Bxd7+ Nbxd7
8. O-O Be7 9. dxc5 Nxc5 10. Re1 O-O 11. Nf1 a5 12. Be3 b5 13. Nd4 Qd7 14. Qf3
g6 15. Rad1 Rfe8 16. Ng3 Rac8 17. a3 b4 18. axb4 axb4 19. Bg5 Nce4 20. Bxf6
Nxf6 21. h3 Bd8 22. Rxe8+ Qxe8 23. Nf1 Qe5 24. Qb3 Bb6 25. Qxb4 Bxd4 26. Qxd4
Qxd4 27. Rxd4 Rxc2 28. Ne3 Rxb2 29. Nxd5 1/2-1/2

[Event "Capablanca Memorial Elite 40th"]
[Site "Havana"]
[Date "2005.05.09"]
[Round "4"]
[White "Bruzon Batista, Lazaro"]
[Black "Delgado Ramirez, Neuris"]
[Result "1/2-1/2"]
[WhiteElo "2669"]
[BlackElo "2567"]
[PlyCount "78"]
[EventDate "2005.05.06"]
[EventType "tourn"]
[EventRounds "14"]
[EventCountry "CUB"]
[EventCategory "15"]
[SourceTitle "CBM 107"]
[Source "ChessBase"]
[SourceDate "2005.08.01"]
[SourceVersion "1"]
[SourceVersionDate "2005.08.01"]
[SourceQuality "1"]

1. e4 c5 2. Nf3 d6 3. d4 cxd4 4. Nxd4 Nf6 5. Nc3 a6 6. Bc4 e6 7. Bb3 Nbd7 8.
Bg5 Qa5 9. Qd2 h6 10. Bxf6 Nxf6 11. O-O-O Be7 12. Kb1 Nd7 13. Rhe1 Nc5 14. Nf5
exf5 15. exf5 O-O 16. Rxe7 Nxb3 17. axb3 Qxf5 18. Nd5 Be6 19. Ne3 Qb5 20. Qd3
Qh5 21. Rxb7 Qxh2 22. Qxd6 Qh4 23. g3 Qf6 24. Qf4 Qxf4 25. gxf4 g6 26. Kc1 Kg7
27. Rg1 Kf6 28. Rb6 Rfb8 29. Rxb8 Rxb8 30. Rh1 h5 31. Kd2 Rb4 32. f5 gxf5 33.
Rxh5 Rd4+ 34. Kc3 Rf4 35. Rh2 a5 36. Kd3 Rb4 37. Kc3 Rf4 38. Kd2 Rd4+ 39. Kc3
Rf4 1/2-1/2

[Event "Capablanca Memorial Elite 40th"]
[Site "Havana"]
[Date "2005.05.10"]
[Round "5"]
[White "Delgado Ramirez, Neuris"]
[Black "Dominguez Perez, Leinier"]
[Result "0-1"]
[WhiteElo "2567"]
[BlackElo "2658"]
[Annotator "Atlas,V"]
[PlyCount "78"]
[EventDate "2005.05.06"]
[EventType "tourn"]
[EventRounds "14"]
[EventCountry "CUB"]
[EventCategory "15"]
[SourceTitle "CBM 107"]
[Source "ChessBase"]
[SourceDate "2005.08.01"]
[SourceVersion "1"]
[SourceVersionDate "2005.08.01"]
[SourceQuality "1"]

1. e4 c5 2. Nf3 d6 3. d4 cxd4 4. Nxd4 Nf6 5. Nc3 a6 6. Be2 e5 7. Nb3 Be7 8. O-O
O-O 9. Re1 Be6 10. Bf1 Nbd7 11. Nd5 Nxd5 12. exd5 Bf5 13. a4 Rc8 14. c3 Bg6 15.
a5 Bg5 16. Nd2 Nc5 17. Nc4 Bxc1 18. Rxc1 e4 19. Nb6 Rc7 20. b4 Nd3 21. Bxd3
exd3 22. Qd2 Re8 23. Rxe8+ Qxe8 24. Re1 Re7 25. Kf1 h5 26. h4 Rxe1+ 27. Qxe1
Qd8 28. g3 Qf6 29. Kg2 Bf5 30. Nc4 Bd7 31. Nb6 (31. Ne3 {deserved serious
attention here. After} Bf5 (31... Bg4 $6 {is strongly met by} 32. Nxg4 hxg4 33.
Qe8+ Kh7 34. Qe4+ Qg6 35. Qf4 $1 {retaining an advantage.}) 32. f3 {White has
good counterchances.}) 31... Bg4 32. Qe8+ Kh7 33. Qe4+ Bf5 34. Qf4 $4 {Setting
a trap that Black falls right into!} ({Essential was} 34. Qe1) {[%tqu "En",
"White's last move was very careless. How can Black take advantage of it?",
"Use the power of your d-pawn.","Sacrifice your bishop!","f5h3","This
beautiful move decides the game.",5]} 34... Bh3+ $1 {[%csl Gd3,Rf4,Gf6][%cal
Gd3d1] This excellent sacrifice opens the way to the d-pawn.} 35. Kf3 (35. Kxh3
{loses to} Qxf4 36. gxf4 d2 {, and the pawn is unstoppable.}) 35... Bg4+ 36.
Ke3 Qxc3 37. Qe4+ (37. Na4 {falls short of} Qe1+ 38. Kxd3 Qd1+) 37... g6 38.
Qxd3 Qe1+ $1 39. Kd4 Qe5+ $1 (39... Qe5+ {, winning the queen:} 40. Kc4 Be2)
0-1

[Event "Capablanca Memorial Elite 40th"]
[Site "Havana"]
[Date "2005.05.11"]
[Round "6"]
[White "Jobava, Baadur"]
[Black "Delgado Ramirez, Neuris"]
[Result "0-1"]
[WhiteElo "2637"]
[BlackElo "2567"]
[PlyCount "112"]
[EventDate "2005.05.06"]
[EventType "tourn"]
[EventRounds "14"]
[EventCountry "CUB"]
[EventCategory "15"]
[SourceTitle "CBM 107"]
[Source "ChessBase"]
[SourceDate "2005.08.01"]
[SourceVersion "1"]
[SourceVersionDate "2005.08.01"]
[SourceQuality "1"]

1. d4 Nf6 2. c4 e6 3. Nf3 b6 4. Bg5 Bb7 5. Nc3 Bb4 6. Nd2 h6 7. Bh4 Bxc3 8.
bxc3 d6 9. f3 Nbd7 10. e4 Qe7 11. Bd3 g5 12. Bf2 Nh5 13. O-O Nf4 14. Bc2 h5 15.
Re1 Rg8 16. Nf1 O-O-O 17. Qd2 Nf8 18. Ne3 N8g6 19. Rf1 Qf6 20. Kh1 Qg7 21. Be1
h4 22. a4 a5 23. Qf2 Qf8 24. Bd2 Nh5 25. Rfb1 Ngf4 26. h3 Ng3+ 27. Kh2 f5 28.
exf5 exf5 29. Nf1 Ba6 30. Bxf4 gxf4 31. Nd2 Re8 32. Re1 Qg7 33. Rxe8+ Rxe8 34.
Re1 Re7 35. c5 dxc5 36. dxc5 Rxe1 37. Qxe1 Qxc3 38. Bxf5+ Nxf5 39. Qe6+ Kb8 40.
Ne4 Bc8 41. Qxf5 Bxf5 42. Nxc3 Kb7 43. cxb6 cxb6 44. Kg1 Bd3 45. Nd5 Bc4 46.
Nc3 Kc6 47. Kf2 Kc5 48. Ke1 Kd4 49. Kd2 Bf1 50. Ne4 Bxg2 51. Ng5 Bf1 52. Ne6+
Ke5 53. Nf8 Bxh3 54. Ng6+ Kf5 55. Ne7+ Kg5 56. Nd5 Be6 0-1

[Event "Capablanca Memorial Elite 40th"]
[Site "Havana"]
[Date "2005.05.13"]
[Round "8"]
[White "Nogueiras Santiago, Jesus"]
[Black "Delgado Ramirez, Neuris"]
[Result "1-0"]
[WhiteElo "2533"]
[BlackElo "2567"]
[Annotator "Ribli,Z"]
[PlyCount "119"]
[EventDate "2005.05.06"]
[EventType "tourn"]
[EventRounds "14"]
[EventCountry "CUB"]
[EventCategory "15"]
[SourceTitle "CBM 107"]
[Source "ChessBase"]
[SourceDate "2005.08.01"]
[SourceVersion "1"]
[SourceVersionDate "2005.08.01"]
[SourceQuality "1"]

1. c4 e5 2. Nc3 Nf6 3. Nf3 Nc6 4. g3 Bb4 5. Bg2 O-O 6. O-O Re8 {Der Turmzug
wird relativ selten gespielt, die übliche Fortsetzung ist 6...e4.} 7. d3 (7.
Nd5 $5) 7... h6 {Auf diese Weise sichert Schwarz seine Stellung gegen die
eventuelle Fesselung Bg5. Die Alternativen sind 7...Nd4 oder 7.Bxc3 8.bxc3 e4.}
8. Nd5 (8. e4 d6 9. Nh4 (9. h3 a5 (9... Be6 10. Be3 Qd7 11. Kh2 Rad8 12. Qd2
Nh7 13. Ne1 f5 14. exf5 Bxf5 15. g4 Bg6 16. Nf3 Nf6 17. Nh4 {1-0 Van Oosterom,
C-Baisakow,A/Hengelo 2001/EXT 2002 (28)}) 10. Na4 (10. Kh2 Bd7 11. Nh4 Nd4 12.
f4 c6 13. fxe5 dxe5 14. Be3 Bd6 15. Qd2 Nh7 16. Nf5 {1-0 Stanec,N-Wegerer,F/
Graz 2001/EXT 2002 (53)}) 10... Be6 11. Nh4 Bc5 12. Nxc5 dxc5 13. Nf5 Nd4 14.
g4 Ra6 15. Be3 Bxf5 16. gxf5 Rd6 17. Rc1 {1-0 Kveinys,A-Moskow,E/IMA, Gausdal
NOR 2005 (45)}) 9... Nd4 10. a3 Bc5 11. h3 a5 12. Rb1 c6 13. Kh2 Be6 14. Be3
Kh7 15. Rc1 g5 16. Nf3 Nxf3+ 17. Bxf3 Bxe3 18. fxe3 g4 19. Bg2 {1-0 Stanec,
N-Wegerer,F/Staatsliga B 9.Runde 2003 (27)}) (8. Bd2 $5) 8... Nxd5 (8... Bf8 9.
Nxf6+ (9. h3 d6 10. e4 Nd4 11. Nxf6+ Qxf6 12. Nxd4 exd4 13. f4 $14) 9... Qxf6
10. Nd2 d6 11. Ne4 Qd8 12. Nc3 $14) 9. cxd5 Nd4 10. Nxd4 exd4 {Beide Seiten
besitzen nun Doppelbauern auf der d-Linie. Trotzdem ist die weiße Stellung
aktiver, denn der c8B kommt schwer ins Spiel.} 11. e4 a5 $6 (11... dxe3 12.
fxe3 $14 (12. Bxe3 $14)) 12. f4 $14 {[%csl Ge4,Gf4][%mdl 4] Weiß hat freie
Hand am Königsflügel, da Schwarz Entwicklungschwierigkeiten hat.} c6 (12... d6
$142 $14) 13. f5 $1 {[%cal Gf5f6] Droht 14.f6 mit deutlichem Angriff.} (13.
dxc6 dxc6 $11) 13... Qf6 (13... Be7 $2 14. e5 $16) (13... f6 14. Bf4 $16) 14.
Qh5 {[%cal Gg3g4,Gg4g5]} cxd5 15. g4 $36 Be7 (15... dxe4 16. g5 hxg5 17. Bxg5
Qe5 18. Rf4 {[%csl Rg8][%cal Rf4h4,Rh4h8,Rf4e4,Re4e8]}) 16. e5 $1 Qh4 (16...
Qxe5 17. Bf4 Qf6 18. Rae1 $16 (18. Bxd5 d6)) 17. Qxh4 Bxh4 18. Bf4 a4 $1 {
[%cal Ga8a5] Schwarz möchte seinen Turm durch a5 ins Spiel bringen.} 19. Bxd5
$16 {[%csl Rc8,Gd5,Ge5,Gf4,Gf5] Weiß hat eindeutige Positionsvorteile; der c8B
ist abgeschnitten, während die weißen Läufer sehr aktiv stehen.} Ra5 20. Bg2 (
20. Be4 Bg5 21. Bg3 Be3+) 20... Bg5 21. Rac1 b6 (21... Bxf4 22. Rxf4 Raxe5 23.
Rxd4 b5 24. Re4 $16) 22. Rc4 {[%csl Rd4]} Be7 $6 (22... Bxf4 23. Rxf4 Raxe5 24.
Re4 Ba6 25. Rcxd4 $16) 23. Rc7 Rc5 24. Ra7 b5 25. Rc1 $1 {Weiß tauscht den
aktiven schwarzen Turm.} Rxc1+ 26. Bxc1 Kf8 27. Bf4 Bg5 28. Bxg5 hxg5 29. Ra8 {
[%mdl 4096] Weiß verfügt über die aktivere Figurenstellung und bessere
Bauernstruktur; Schwarz hingegen über zwei Doppelbauern.} Ke7 30. Kf2 f6 31.
exf6+ gxf6 32. a3 Kd6 33. Rb8 Kc7 34. Rxb5 Re3 35. Bf1 $1 {Der scheinbar
passive Läuferzug ist die beste Möglichkeit für Weiß.} (35. Be4 $6 Ba6 36. Rb4
Bxd3 37. Bxd3 Rxd3 38. Ke2 Rh3 39. Rxa4 Rxh2+ 40. Kd3 Rxb2 $11) 35... Bb7 {
Der erste Zug des Läufers in der Partie.} (35... Ba6 $6 36. Rb4 Bxd3 $2 37.
Rxd4 $18) 36. Rb4 {[%cal Rb4a4,Rb4d4]} Rf3+ 37. Kg1 (37. Ke1 Re3+ 38. Kf2)
37... Rf4 38. h3 (38. Be2 Bc6 39. h3 Kd6 40. b3 axb3 41. Rxb3 $16) 38... Bc6
39. Bg2 $1 {Weiß möchte die Läufer tauschen, wonach Schwarz nicht den
a4-Bauern verteidigen kann.} d5 (39... Bxg2 40. Kxg2 $18 {[%csl Rf4]}) 40. b3
axb3 41. Rxb3 (41. a4 Kd6 42. a5 Kc5 43. Rxb3 Bb5 44. Bxd5 Bxd3 45. Rxd3 Kxd5
46. a6 Re4 47. Ra3 (47. a7 $2 Re1+ 48. Kf2 Ra1 49. Rb3 Rxa7 50. Rb6 $11) 47...
Re8 48. a7 Ra8 49. Kf2 $18) 41... Kd6 42. Rb2 Ba4 (42... Kc5) 43. Rf2 $2 {
Warum tauscht Weiß den passiven Turm?} (43. Rb6+ Bc6 44. a4 Kc7 45. a5 $18)
43... Rxf2 (43... Ke5 44. Re2+ Kd6 45. Re6+ Kc5 46. Rxf6 $18) 44. Kxf2 Ke5 $14
45. Kg3 {[%cal Gh3h4]} Bc2 46. Bf1 Bd1 47. Kf2 (47. h4 $2 gxh4+ 48. Kxh4 Kf4
$17) (47. Kg2 Kf4 48. Kf2 Bc2 49. Be2 Bb3 $11) 47... Kf4 48. Bg2 Bb3 (48... Ke5
49. Bf3 Bc2) 49. Bf3 Ke5 $2 {Schwarz muss seinen König auf f4 belassen.} (49...
Bc2 50. Be2 Ba4 $11) 50. Kg3 Bc2 51. Be2 Ba4 52. Kf3 (52. h4 $18) 52... Bc2 53.
Kg3 Ba4 54. h4 $18 gxh4+ 55. Kxh4 Kf4 56. Kh5 Ke3 57. Bf1 Kf4 (57... Bd1 58.
Kg6 (58. a4 Kf4 (58... Bxa4 59. g5 $18) 59. Kg6 Bxg4 60. Kxf6 Bxf5 61. a5 Bc8
62. Ke7 {Mit Zugumstellung sind wir in der Variante 58.Kg6.}) 58... Bxg4 59.
Kxf6 Kf4 60. a4 Bxf5 61. a5 Bc8 62. Ke7 Ke3 (62... Ke5 63. Kd8 Ba6 64. Kc7 $18)
63. Kd6 Ba6 64. Kc7 Kf2 65. Kb6 Bc4 $1 (65... Bc8 66. Bh3 Bxh3 67. a6 $18) 66.
dxc4 Kxf1 67. a6 d3 68. a7 d2 69. a8=Q d1=Q 70. Qxd5 $18) 58. Kg6 Ke5 59. g5
Be8+ 60. Kg7 1-0

[Event "Capablanca Memorial Elite 40th"]
[Site "Havana"]
[Date "2005.05.14"]
[Round "9"]
[White "Delgado Ramirez, Neuris"]
[Black "Arencibia Rodriguez, Walter"]
[Result "1-0"]
[WhiteElo "2567"]
[BlackElo "2530"]
[PlyCount "71"]
[EventDate "2005.05.06"]
[EventType "tourn"]
[EventRounds "14"]
[EventCountry "CUB"]
[EventCategory "15"]
[SourceTitle "CBM 107"]
[Source "ChessBase"]
[SourceDate "2005.08.01"]
[SourceVersion "1"]
[SourceVersionDate "2005.08.01"]
[SourceQuality "1"]

1. e4 g6 2. d4 Bg7 3. Nc3 d6 4. Nf3 Nf6 5. h3 O-O 6. Be3 a6 7. Qd2 b5 8. e5
dxe5 9. dxe5 Qxd2+ 10. Nxd2 Nfd7 11. f4 f6 12. exf6 Nxf6 13. O-O-O Bb7 14. Nb3
Nbd7 15. Na5 b4 16. Nxb7 bxc3 17. Bc4+ Kh8 18. bxc3 Nb6 19. Bb3 Nh5 20. Rhf1
Bxc3 21. Rf3 Bf6 22. a4 a5 23. g4 Ng7 24. Rdf1 e6 25. Nc5 Rad8 26. Nb7 Ra8 27.
g5 Be7 28. Nc5 e5 29. fxe5 Nf5 30. Bg1 Ng3 31. Rxf8+ Rxf8 32. Rxf8+ Bxf8 33.
Kd1 Bg7 34. e6 Nf5 35. Nb7 Bc3 36. Nxa5 1-0

[Event "Capablanca Memorial Elite 40th"]
[Site "Havana"]
[Date "2005.05.15"]
[Round "10"]
[White "Ivanchuk, Vassily"]
[Black "Delgado Ramirez, Neuris"]
[Result "1-0"]
[WhiteElo "2739"]
[BlackElo "2567"]
[PlyCount "143"]
[EventDate "2005.05.06"]
[EventType "tourn"]
[EventRounds "14"]
[EventCountry "CUB"]
[EventCategory "15"]
[SourceTitle "CBM 107"]
[Source "ChessBase"]
[SourceDate "2005.08.01"]
[SourceVersion "1"]
[SourceVersionDate "2005.08.01"]
[SourceQuality "1"]

1. e4 c5 2. Nf3 d6 3. d4 cxd4 4. Nxd4 Nf6 5. Nc3 Nc6 6. Be2 e5 7. Nf3 Be7 8.
Bg5 Be6 9. O-O O-O 10. a3 h6 11. Bxf6 Bxf6 12. Nd5 Bxd5 13. Qxd5 Qb6 14. Qa2
Ne7 15. c3 Qc6 16. Bd3 Rfd8 17. Rfe1 Rac8 18. Rad1 b5 19. Bc2 Rc7 20. Bb3 Nc8
21. g3 g6 22. h4 Kg7 23. Nh2 Nb6 24. Ng4 Qd7 25. Ne3 Qh3 26. Rd3 Rf8 27. Qb1
Be7 28. Qd1 Qc8 29. Rd2 Rd8 30. Qf3 Rf8 31. Red1 h5 32. Qe2 a6 33. Ra1 Rc5 34.
Kh2 Nd7 35. Nd5 Bd8 36. a4 Qb7 37. axb5 axb5 38. Rad1 Rc8 39. Bc2 Nf6 40. Nxf6
Bxf6 41. Rxd6 Be7 42. R6d5 b4 43. c4 Qb8 44. Ba4 Rfd8 45. Bd7 Rc5 46. Bb5 Rcc8
47. Qd2 Qb6 48. Kg2 Ra8 49. b3 Rxd5 50. exd5 Bd6 51. Ba4 Ra7 52. Re1 Re7 53.
Qb2 Bc5 54. Rxe5 Bd4 55. Qxd4 Qxd4 56. Rxe7 Kf6 57. Re3 Kg7 58. Bd7 Kf8 59. Bh3
Kg7 60. Kg1 f5 61. Bf1 Kf7 62. Rd3 Qa7 63. d6 Ke8 64. Rd5 Qa8 65. Re5+ Kd8 66.
c5 Qa1 67. Re7 Qc1 68. Rc7 f4 69. gxf4 Qd1 70. c6 Qg4+ 71. Bg2 Qxf4 72. Bh3 1-0